Preliminary English test 1994 : English as a foreign language

Wedi'i Gadw mewn:
Manylion Llyfryddiaeth
Fformat: Llyfr
Iaith:Undetermined
Cyhoeddwyd: England University of Cambridge 1994
Pynciau:
Tagiau: Ychwanegu Tag
Dim Tagiau, Byddwch y cyntaf i dagio'r cofnod hwn!
Thư viện lưu trữ: Trung tâm Học liệu Trường Đại học Cần Thơ
LEADER 00498nam a2200169Ia 4500
001 CTU_160562
008 210402s9999 xx 000 0 und d
082 |a 428.24 
082 |b P924 
245 0 |a Preliminary English test 1994 : 
245 0 |b English as a foreign language 
245 0 |c University of Cambridge 
260 |a England 
260 |b University of Cambridge 
260 |c 1994 
650 |a English language,English language 
980 |a Trung tâm Học liệu Trường Đại học Cần Thơ